000 01219nam a22002417a 4500
005 20240530110343.0
008 141110s2011 ua d gr 000 0 ara d
040 _aEG-CaGPL
082 0 4 _221
_a352.140962\
_bق/خ إ
245 1 2 _aالادارة المحلية فى مصر :
_bالواقع وافاق المستقبل /خالد زكريا ... [ واخ ]
_cخالد زكريا ... [ واخ ] ؛ تقديم مصطفى كامل السيد ؛ تحرير علاءالدين عرفات
260 _aالقاهرة :
_bشركاء التنمية للبحوث والاستشارات والتدريب ،
_c2011
300 _a348 ص ؛
_c24 سم
650 0 4 _aالادارة المحلية
_zمصر
650 0 4 _aالادارة العامة
700 0 _aسامى الطوخى
_eمؤلف مشارك
700 0 _aالسيد غانم
_eمؤلف مشارك
700 0 _aصالح عبدالرحمن احمد
_eمؤلف مشارك
700 0 _aمصطفى كامل السيد
_eمقدم
700 0 _aعلاءالدين عرفات
_eمحرر
700 0 _aخالد زكريا
_eمؤلف مشارك
942 _2ddc
_cBK
999 _c59925
_d59925